00000000nam 2200000zi 4500
0019.957871
003CaOODSP
00520251202113700
006m     o  d f      
007cr |n|||||||||
008251202t19982002onca    ob   f|0| 0 eng d
020 |z0660188430
040 |aCaOODSP|beng|erda|cCaOODSP
043 |an-cn---
0861 |aCH4-35/2002E-PDF|zCH4-35/2002E
1001 |aBarclay, R. L. |q(Robert L.)|eauthor.
24510|aMount-making for museum objects / |cby Robert Barclay, André Bergeron, and Carole Dignard, with illustrations by Carl Schlichting.
250 |aSecond edition.
264 1|aOttawa : |bCanadian Conservation Institute, |c2002.
264 4|c©1998
300 |a1 online resource (ii, 74 pages) : |billustrations
336 |atext|btxt|2rdacontent
337 |acomputer|bc|2rdamedia
338 |aonline resource|bcr|2rdacarrier
500 |aIssued also in French under title: Supports pour objets de musée : de la conception à la fabrication.
500 |aCo-published by the Centre de conservation du Québec.
504 |aIncludes bibliographical references (pages 71-73).
520 |a"This manual addresses the use and construction of display mounts, and is intended for museum workers (e.g. technicians/preparators/exhibit specialists, designers, collection managers/conservators) who have as yet a limited to moderate experience in mount-making. It includes discussions of why mounts are necessary, the materials for their fabrication as well as those that are not recommended for museum use, and how to design them, but the majority of the pages are devoted to fabrication techniques and practical examples. Although neither exhaustive nor definitive, these examples should help readers to broaden their 'creative toolbox' when faced with a new mount-making problem"--Introduction and Objectives, page 1.
650 0|aMuseum exhibits|zCanada.
650 0|aMuseum techniques|zCanada.
650 0|aMuseum conservation methods|zCanada.
7102 |aCanadian Conservation Institute, |eissuing body.
7102 |aCentre de conservation du Québec, |eissuing body.
77508|tSupports pour objets de musée : |w(CaOODSP)9.957874
85640|qPDF|s23.40 MB|uhttps://publications.gc.ca/collections/collection_2025/pch/CH4-35-2002-eng.pdf